<?xml version="1.0" encoding="UTF-8"?>
<collection xmlns="http://www.loc.gov/MARC21/slim">
    <record>
        <controlfield tag="001">97862</controlfield>
        <controlfield tag="005">20210118122857.0</controlfield>
        <datafield tag="037" ind1=" " ind2=" ">
            <subfield code="a">TAZ-TFG-2020-3658</subfield>
        </datafield>
        <datafield tag="041" ind1=" " ind2=" ">
            <subfield code="a">spa</subfield>
        </datafield>
        <datafield tag="100" ind1="1" ind2=" ">
            <subfield code="a">García Pons, David</subfield>
        </datafield>
        <datafield tag="242" ind1="0" ind2="0">
            <subfield code="a">High Frequency SQUID Readout</subfield>
        </datafield>
        <datafield tag="245" ind1="0" ind2="0">
            <subfield code="a">Lectura de Sensores SQUID a Altas Frecuencias</subfield>
        </datafield>
        <datafield tag="260" ind1=" " ind2=" ">
            <subfield code="a">Zaragoza</subfield>
            <subfield code="b">Universidad de Zaragoza</subfield>
            <subfield code="c">2020</subfield>
        </datafield>
        <datafield tag="506" ind1=" " ind2=" ">
            <subfield code="a">by-nc-sa</subfield>
            <subfield code="b">Creative Commons</subfield>
            <subfield code="c">3.0</subfield>
            <subfield code="u">http://creativecommons.org/licenses/by-nc-sa/3.0/</subfield>
        </datafield>
        <datafield tag="520" ind1=" " ind2=" ">
            <subfield code="a">Los dispositivos superconductores de interferencia cuántica (SQUIDs, del inglés Superconducting QUantum Interference Devices) son un ejemplo prometedor de la utilidad práctica de la electrónica de superconducción. Estos constituyen magnetómetros extremadamente sensibles, especialmente en escala nanoscópica, en la que permiten el estudio de nanopartículas magnéticas individuales y de fenómenos magnéticos de superficie. Además, su velocidad de respuesta posibilita el estudio de campos variables en altas frecuencias, con el montaje experimental adecuado. Pese a que los límites en frecuencia impuestos por los sensores para la lectura de señales magnéticas variables en el tiempo son extremadamente holgados, la electrónica empleada para conducir y tratar la señal eléctrica saliente restringe drásticamente el rango de operación.&lt;br />El proyecto recogido en este escrito se inició con el propósito de actualizar un equipo de medida en temperaturas criogénicas, perteneciente al grupo Quantum Materials and Devices (QMAD) del Instituto de Ciencia de Materiales de Aragón, para permitir medidas de campo magnético con sensores nanoSQUID en altas frecuencias. En el trabajo, se realiza una revisión de los conceptos fundamentales involucrados en el funcionamiento físico y uso experimental del dc SQUID (Capítulo 1); se presentan los resultados del análisis numérico de la respuesta del sistema, basado en las ecuaciones de Josephson que rigen el comportamiento del dispositivo (Capítulo 2); por último, se resume el proceso de reacondicionamiento del equipo de medida para permitir la lectura de señales en altas frecuencias (Capítulo 3).&lt;br />&lt;br /></subfield>
        </datafield>
        <datafield tag="521" ind1=" " ind2=" ">
            <subfield code="a">Graduado en Física</subfield>
        </datafield>
        <datafield tag="540" ind1=" " ind2=" ">
            <subfield code="a">Derechos regulados por licencia Creative Commons</subfield>
        </datafield>
        <datafield tag="700" ind1=" " ind2=" ">
            <subfield code="a">Martínez Pérez, María José</subfield>
            <subfield code="e">dir.</subfield>
        </datafield>
        <datafield tag="710" ind1="2" ind2=" ">
            <subfield code="a">Universidad de Zaragoza</subfield>
            <subfield code="b">Física de la Materia Condensada</subfield>
            <subfield code="c">Física de la Materia Condensada</subfield>
        </datafield>
        <datafield tag="856" ind1="0" ind2=" ">
            <subfield code="f">740685@unizar.es</subfield>
        </datafield>
        <datafield tag="856" ind1="4" ind2=" ">
            <subfield code="s">245798</subfield>
            <subfield code="u">http://zaguan.unizar.es/record/97862/files/TAZ-TFG-2020-3658_ANE.pdf</subfield>
            <subfield code="y">Anexos (spa)</subfield>
        </datafield>
        <datafield tag="856" ind1="4" ind2=" ">
            <subfield code="s">8087438</subfield>
            <subfield code="u">http://zaguan.unizar.es/record/97862/files/TAZ-TFG-2020-3658.pdf</subfield>
            <subfield code="y">Memoria (spa)</subfield>
        </datafield>
        <datafield tag="909" ind1="C" ind2="O">
            <subfield code="o">oai:zaguan.unizar.es:97862</subfield>
            <subfield code="p">driver</subfield>
            <subfield code="p">trabajos-fin-grado</subfield>
        </datafield>
        <datafield tag="950" ind1=" " ind2=" ">
            <subfield code="a"></subfield>
        </datafield>
        <datafield tag="951" ind1=" " ind2=" ">
            <subfield code="a">deposita:2021-01-18</subfield>
        </datafield>
        <datafield tag="980" ind1=" " ind2=" ">
            <subfield code="a">TAZ</subfield>
            <subfield code="b">TFG</subfield>
            <subfield code="c">CIEN</subfield>
        </datafield>
        <datafield tag="999" ind1=" " ind2=" ">
            <subfield code="a">20200911200408.CREATION_DATE</subfield>
        </datafield>
    </record>

    
</collection>